Incremento del consumo. (Record no. 82790)

MARC details
000 -LEADER
campo de control de longitud fija 00460nam a2200169 i 4500
001 - NÚMERO DE CONTROL
campo de control 82790
003 - IDENTIFICADOR DE NÚMERO DE CONTROL
campo de control ES-MaACL
005 - FECHA Y HORA DE LA ÚLTIMA TRANSACCIÓN
campo de control 20230906174731.0
007 - CAMPO FIJO DE DESCRIPCIÓN FÍSICA--INFORMACIÓN GENERAL
campo de control de longitud fija t|
008 - DATOS DE LONGITUD FIJA--INFORMACIÓN GENERAL
campo de control de longitud fija 041112s1960 sp ||||1| spa d
245 00 - MENCIÓN DEL TÍTULO
Título Incremento del consumo.
260 ## - PUBLICACIÓN, DISTRIBUCIÓN, ETC.
Lugar de publicación, distribución, etc. Barcelona :
Nombre del editor, distribuidor, etc. Sociedad General de Aguas,
Fecha de publicación, distribución, etc. 1960.
300 ## - DESCRIPCIÓN FÍSICA
Extensión 43 p. ;
Dimensiones 27 cm.
500 ## - NOTA GENERAL
Nota general Ej. en "cyclostyle"
710 2# - ENTRADA AGREGADA--NOMBRE DE ENTIDAD CORPORATIVA
Nombre de entidad corporativa o nombre de jurisdicción como elemento de entrada Sociedad General de Aguas.
9 (RLIN) 6771
852 ## - LOCALIZACIÓN
Ubicación ES-MaACL
Número de control de estantería 2020-F-30
Sublocalización o colección R.47090
Holdings
Estatus retirado Estado de pérdida Estado de daño No para préstamo Colección Biblioteca de origen Biblioteca actual Ubicación en estantería Fecha de adquisición Fuente de adquisición Total de préstamos Signatura topográfica completa Código de barras Visto por última vez Precio de reemplazo Tipo de ítem Koha
        Colección de folletos Biblioteca del Ateneo de Madrid Biblioteca del Ateneo de Madrid Depósito folletos 17/01/2008     2020-F-30 1086522 23/02/2023 23/02/2023 Folleto